Normal view
MARC view
- Polk, William R.
Entry Personal Name
001 - CONTROL NUMBER
- control field: 15429
003 - CONTROL NUMBER IDENTIFIER
- control field: OSt
005 - DATE AND TIME OF LATEST TRANSACTION
- control field: 20260205150922.0
008 - FIXED-LENGTH DATA ELEMENTS
- fixed length control field: 260205|| aca||aabn | a|a d
040 ## - CATALOGING SOURCE
- Original cataloging agency: OSt
- Transcribing agency: OSt
100 ## - HEADING--PERSONAL NAME
- Personal name: Polk, William R.
- Fuller form of name: (William Roe),
- Dates associated with a name: 1929-
670 ## - SOURCE DATA FOUND
- Source citation: Work cat.: (OSt)6079: Polk, William R. (William Roe), 1929-, Violent politics :, c2007.